Italian Regional Capitals - Sudden Death - Statistics

General Stats
  • This quiz has been taken 106 times
  • The average score is 12 of 20
Answers on the Grid
Answers color-coded by a green-red scale on the quiz's grid according to % correct below.
L'Aquila
Venice
Ferrara
Aosta
Bari
Potenza
Pisa
Catanzaro
Syracuse
Naples
Lucca
Bologna
Trieste
Rome
Assisi
Genoa
Modena
Padua
Perugia
Sorrento
Milan
Ancona
Campobasso
Polignano a Mare
Turin
Cagliari
Orvieto
Palermo
Florence
Trento
 
Answer Stats
Answer % Correct
Venice
79%
Naples
75%
Genoa
71%
Rome
71%
Bari
69%
Milan
68%
Florence
67%
Palermo
67%
Turin
65%
Cagliari
63%
Aosta
61%
Bologna
61%
Trento
58%
Trieste
58%
L'Aquila
56%
Perugia
44%
Ancona
43%
Catanzaro
43%
Potenza
42%
Campobasso
36%
No matching quizzes found
Score Distribution
Percent of People with Each Score
Percentile by Number Answered
Your Score History
You have not taken this quiz